000 01896cam a22004574i 4500
003 PE-LiUPU
005 20250731173013.0
008 150616s r 000 0 d
035 _a(Sirsi) a2295
040 _aPE-LiUPU
_bspa
_cPE-LiUPU
_erda
049 _aPRUA
082 0 4 _a282
_bSo4
_221
100 1 _aSola, PMarín,
_eautor.
245 1 3 _aLa evolución homogénea del dogma católico /
_cMarín Sola P.
264 1 _aMadrid :
_bLa ciencia Tomista,
_c1923.
300 _a600 páginas ;
_c26 cm.
336 _atext
_2rdacontent
337 _aunmediated
_2rdamedia
338 _avolume
_2rdacarrier
490 0 _aBiblioteca de Tomista Españoles ;
_v1
505 0 _aDe la evolución en general y de las diversas especies y grados de evolución doctrinal -- De la evolución del dogma y la virtualidad implícita del dato revelado -- La evolución del dogma y la autoridad de la iglesia -- Las diferentes vias de la evolución del dogma -- La extensión de la evolución del dogma y refutación de la moderna fe eclesiástica -- Solución de las objeciones contra la evolución del dogma -- La evolución del dogma y la opinión tradicional.
526 _aSEG42
526 _aSEG41
526 _aSEG40
526 _aSEG39
526 _aP94
526 _aP87
526 _aP86
526 _aP85
526 _aP77
526 _aP76
526 _aP35
650 0 4 _aDogma
_xEvolución.
910 _ajck
_bjvq
_cjck
942 _2ddc
_cBOOK
949 _a282 So4
_wDEWEY
_c1
_i06528
_lCCODEBUL1
_mBUL
_p00.00
_r0
_sY
_tBOOK
_u2015-04-23
_xTEOLOGIA
_zUNKNOWN
_0COMPRA
_o.STAFF. Colección General
994 _aC0
_bPEPRU
596 _a1
999 _a282 SO4
_wDEWEY
_c23572
_i06528
_f2021-11-12
_g5
_lCCODEBUL1
_mBUL
_r0
_sY
_tBOOK
_u2015-4-23
_xTEOLOGIA
_zUNKNOWN
_0COMPRA
_o.STAFF. Colección General
_d23572
980 _81
_gALBERTO SANCHEZ Responsable de Automatización